| 000 | 00573nam a22001577a 4500 | ||
|---|---|---|---|
| 003 | PILC | ||
| 005 | 20150905094755.0 | ||
| 008 | 150604b xxu||||| |||| 00| 0 eng d | ||
| 050 |
_aRT 41 _b.R434 2004 |
||
| 245 |
_aResource units in NCM 100-105 with clinical focus / _cedited ny Carmelita C. Divinagracia, Leonora N. Reyes. |
||
| 260 |
_aManila : _bAssociation of Deans of Philippine Colleges of Nursing (ADPCN), _c2004. |
||
| 300 |
_av, 191 pages : _billustrations, _c22 cm. |
||
| 500 | _aIncludes bibliographical references. | ||
| 650 | _aNursing. | ||
| 942 |
_2lcc _cBK _kLOC |
||
| 999 |
_c284703 _d284703 |
||